000 00640nam a2200169 i 4500
001 118514
003 ES-MaACL
005 20230906191121.0
007 t|
008 070214s1911 sp r ||||1| spa d
100 1 _aPareja Garrido, José.
_989064
245 1 3 _aLa enseñanza de la Medicina en España
_b: discurso leído en la solemne apertura del curso académico de 1911 a 1912 en la Universidad Literaria de Granada /
_cJosé Pareja Garrido.
260 _aGranada :
_b[s. n.],
_c1911 (
_fTip. de López Guevara)
300 _a32 p. ;
_c31 cm.
710 2 _aUniversidad Literaria de Granada.
_9153703
852 _aES-MaACL
_jT-1183-F-10
999 _c118514
_d118514